|
|
|
|
| LEADER |
00000cam a2200000 a 4500 |
| 001 |
vtls010473422 |
| 003 |
SK-MaSNL |
| 005 |
20260302012631.0 |
| 008 |
200104s1935 xr o g 000 0 cze |
| 015 |
|
|
|a SNBA1935
|
| 020 |
|
|
|q (brožované)
|
| 035 |
|
|
|a urn:nbn:sk:snk-am00d34w
|
| 035 |
|
|
|a urn:nbn:sk:snk-am3hk23
|
| 035 |
|
|
|a 31F3B9CD-89BB-410A-9E2F-4BA3275CD995
|
| 040 |
|
|
|a SNK
|b slo
|c SNK
|e AACR2
|
| 041 |
0 |
|
|a cze
|
| 044 |
|
|
|a xr
|c CZ
|
| 072 |
|
7 |
|a 316.3
|x Globálne spoločnosti. Sociálna štruktúra. Sociálne skupiny
|2 konspekt
|
| 080 |
|
|
|a (=162.3):(=162.4)
|2 2011
|
| 080 |
|
|
|a (048.8)
|2 2011
|
| 080 |
|
|
|a 314.011
|2 2011
|
| 100 |
1 |
|
|a Pluhař, Josef,
|d 1892-1969
|4 aut
|4 aui
|4 pbl
|9 109496
|
| 245 |
1 |
0 |
|a Češi a Slováci doma a za hranicemi
|c Josef Pluhař
|
| 260 |
|
|
|a Praha
|b Nákl. vlastním
|c 1935
|e Praha
|f tiskl Frant. Herman
|
| 300 |
|
|
|a 63, [1] s., [3] l. obr. príl.
|b fotografie, tabuľky
|c (23x18 cm)
|
| 500 |
|
|
|a Obsahuje početné reklamné letáky
|
| 546 |
|
|
|a Text v češtine
|b Antikva
|b Kurzíva
|
| 650 |
0 |
7 |
|a Slováci a Česi
|2 SNKPH
|9 69921
|
| 650 |
0 |
7 |
|a Slovaks and Czechs
|2 SNKPHeng
|9 266819
|
| 650 |
0 |
7 |
|a Historical demography
|2 SNKPHeng
|9 382609
|
| 650 |
0 |
7 |
|a historická demografia
|2 SNKPH
|9 4655
|
| 655 |
|
7 |
|a monografie
|2 SNKPH
|9 70139
|
| 655 |
|
7 |
|a Monographs
|2 SNKPHeng
|9 120675
|
| 958 |
|
|
|a SK
|
| 958 |
|
|
|a CZ
|
| 958 |
|
|
|a DG
|
| 964 |
9 |
|
|a Josef Pluhař (Praha, Česko)
|
| 999 |
|
|
|c 1010205
|d 1012135
|
| 952 |
|
|
|a SNK
|b SNK
|y VYP
|7 0
|p 17A1542659
|o snkSC 2492 D2
|i snkK 304/67
|8 3
|0 0
|1 0
|4 0
|d 2024-03-18
|l 0
|r 2026-02-24 12:49:47
|w 2026-02-24
|
| 952 |
|
|
|a SNK
|b SNK
|y VYP
|7 0
|p 17A1542660
|o snkSC 2492 D1
|i KSF 1732/57
|8 5
|0 0
|1 0
|4 0
|d 2024-03-18
|l 0
|r 2026-02-24 12:49:47
|w 2026-02-24
|
| 952 |
|
|
|a SNK
|b SNK
|y PREZ
|7 0
|p 17A0753239
|o snkSC 2492
|i snk1552/38
|0 0
|1 0
|4 0
|d 2018-06-14
|f 1
|l 0
|r 2025-06-17 00:00:00
|w 2026-02-24
|